Lectures on Antitrust Economics

Guardado en:
Detalles Bibliográficos
Autor principal: Whinston, Michael D.
Formato: Libro
Lenguaje:inglés
Publicado: Cambridge <The> MIT Press 2008
Edición:1st Edition
Colección:Cairoli Lecture Series
Materias:
Etiquetas: Agregar Etiqueta
Sin Etiquetas, Sea el primero en etiquetar este registro!

MARC

LEADER 00000nam a2200000 4500
001 0264036
005 20240306135808.6
020 |a 978-0-262-73187-4 
020 |a 978-0-262-23256-2 
041 0 |a eng 
044 |a US 
245 1 0 |a Lectures on Antitrust Economics  |c Michael D. Whinston 
250 |a 1st Edition 
264 1 |a Cambridge  |b <The> MIT Press  |c 2008 
300 |a 249 s. 
490 1 |a Cairoli Lecture Series 
830 0 |a Cairoli Lecture Series 
610 2 0 |a regulácia hospodárska 
610 2 0 |a zákony 
610 2 0 |a monopoly 
610 2 0 |a ceny 
610 2 0 |a fúzie 
610 2 0 |a zmluvy 
610 2 0 |a politika protimonopolná 
100 1 |a Whinston, Michael D.